Study guide for Engineering economic analysis (Record no. 11957)

000 -LEADER
fixed length control field 01055cam a2200337 a 4500
001 - CONTROL NUMBER
control field 6884155
005 - DATE AND TIME OF LATEST TRANSACTION
control field 20170105102351.0
008 - FIXED-LENGTH DATA ELEMENTS--GENERAL INFORMATION
fixed length control field 040727s2004 nyu 000 0 eng
015 ## - NATIONAL BIBLIOGRAPHY NUMBER
National bibliography number GBA599953
Source bnb
016 7# - NATIONAL BIBLIOGRAPHIC AGENCY CONTROL NUMBER
Record control number 012960200
Source Uk
020 ## - INTERNATIONAL STANDARD BOOK NUMBER
International Standard Book Number 0195171497 (pbk.)
020 ## - INTERNATIONAL STANDARD BOOK NUMBER
International Standard Book Number 9780195171495 (pbk.)
035 ## - SYSTEM CONTROL NUMBER
System control number (OCoLC)ocm62468699
035 ## - SYSTEM CONTROL NUMBER
System control number (NNC)6884155
040 ## - CATALOGING SOURCE
Original cataloging agency UKM
Transcribing agency UKM
Modifying agency BTCTA
-- BAKER
-- YDXCP
-- OCLCG
042 ## - AUTHENTICATION CODE
Authentication code ukblsr
082 04 - DEWEY DECIMAL CLASSIFICATION NUMBER
Classification number 658.15
Edition number 22
245 00 - TITLE STATEMENT
Title Study guide for Engineering economic analysis
Statement of responsibility, etc. Donald G. Newnan, Ed Wheeler.
250 ## - EDITION STATEMENT
Edition statement 9th ed.
260 ## - PUBLICATION, DISTRIBUTION, ETC.
Place of publication, distribution, etc. New York ;
-- Oxford:
Name of publisher, distributor, etc. Oxford University Press,
Date of publication, distribution, etc. 2004.
300 ## - PHYSICAL DESCRIPTION
Extent vi, 250, [32] p. ;
Dimensions 24 cm.
500 ## - GENERAL NOTE
General note Includes index
650 #0 - SUBJECT ADDED ENTRY--TOPICAL TERM
Topical term or geographic name entry element Engineering economy
Form subdivision Problems, exercises, etc.
700 1# - ADDED ENTRY--PERSONAL NAME
Personal name Newnan, Donald G.
Title of a work Engineering economic analysis.
Version 9th ed.
700 1# - ADDED ENTRY--PERSONAL NAME
Personal name Wheeler, Ed
Fuller form of name (Edward W.)
942 ## - ADDED ENTRY ELEMENTS (KOHA)
Source of classification or shelving scheme
Koha item type Book
948 1# - LOCAL PROCESSING INFORMATION (OCLC); SERIES PART DESIGNATOR (RLIN)
Series part designator, SPT (RLIN) 20080917
b (OCLC) c
c (OCLC) rad1
d (OCLC) MPS
948 2# - LOCAL PROCESSING INFORMATION (OCLC); SERIES PART DESIGNATOR (RLIN)
Series part designator, SPT (RLIN) 20080917
b (OCLC) a
c (OCLC) rad1
d (OCLC) MPS
948 2# - LOCAL PROCESSING INFORMATION (OCLC); SERIES PART DESIGNATOR (RLIN)
Series part designator, SPT (RLIN) 20080917
b (OCLC) a
c (OCLC) rad1
d (OCLC) MPS
Holdings
Withdrawn status Lost status Damaged status Not for loan Collection code Permanent Location Current Location Shelving location Date acquired Source of acquisition Cost, normal purchase price Total Checkouts Total Renewals Full call number Barcode Date last seen Date last checked out Price effective from Koha item type
          Central Library (CL) Central Library (CL) General Stacks 01/09/2007 Progressive International Agencies 6355.69 1 1 658.15 NEW SEECS007958 05/31/2024 01/21/2019 06/27/2013 Book
© 2023 Central Library, National University of Sciences and Technology. All Rights Reserved.